Leasing costruendo per le opere pubbliche Uno stimolo a sostegno degli investimenti

Bibliographic Details
Main Author: Mariani, Massimo
Format: eBook
Language:Italian
Published: Bari : Cacucci Editore, 2011
Subjects:
Online Access:http://www.vlex.com/source/7264

MARC

LEADER 00000nam a22000007a 4500
005 20130226152948.0
007 cr|||| ||||
008 130226e2011 it |||||s|||| 00||0 ita d
020 |a 9788866110545 
035 |a 7264 
040 |a vLex 
090 |c 3767  |d 3767 
100 1 0 |a Mariani, Massimo 
245 1 0 |a Leasing costruendo per le opere pubbliche  |b Uno stimolo a sostegno degli investimenti  |h [Recurso electrn̤ico] 
256 |a Servicio en ln̕ea 
260 |a Bari :  |b Cacucci Editore,   |c 2011  
300 |a 1 Recurso electrn̤ico 
650 0 4 |a Administracin̤ (Management)  |z Italia 
650 0 4 |a Empresa  |z Italia 
650 0 4 |a Derecho administrativo  |z Italia 
740 |a vLex Libros (Servicio en ln̕ea) 
856 |a Acceso restringido  |u http://www.vlex.com/source/7264 
942 |c BOOK 
999 0 |a Enterprise